技術の経済学 : 戦略としてのテクノロジーゲーム Technology game
Sparad:
| Huvudupphovsman: | |
|---|---|
| Materialtyp: | Bok |
| Språk: | Undetermined |
| Publicerad: |
京都
PHP研究所
1985
|
| Ämnen: | |
| Taggar: |
Lägg till en tagg
Inga taggar, Lägg till första taggen!
|
| Thư viện lưu trữ: | Trung tâm Học liệu Trường Đại học Cần Thơ |
|---|
| LEADER | 00578nam a2200193Ia 4500 | ||
|---|---|---|---|
| 001 | CTU_94133 | ||
| 008 | 210402s9999 xx 000 0 und d | ||
| 082 | |a 607.2 | ||
| 082 | |b S253 | ||
| 100 | |a 佐藤隆三(さとう りゅうぞう) | ||
| 245 | 0 | |a 技術の経済学 : 戦略としてのテクノロジーゲーム | |
| 245 | 0 | |b Technology game | |
| 245 | 0 | |c 佐藤隆三 | |
| 260 | |a 京都 | ||
| 260 | |b PHP研究所 | ||
| 260 | |c 1985 | ||
| 650 | |a Technological Innovations | ||
| 904 | |i Ngoc | ||
| 980 | |a Trung tâm Học liệu Trường Đại học Cần Thơ | ||